100 joueurs uruguayens avec la plus grosse valeur marchande - Statistiques

Statistiques générales
  • Ce quiz a été pris 52 fois
  • Le résultat moyen est 17 sur 100
Statistiques - réponses
Club Prix Réponse % Correct
Real Madrid 100 millions Federico Valverde
82%
Liverpool 65 millions Darwin Nunez
80%
Paris SG 55 millions Manuel Ugarte
80%
Orlando City 2 millions Cesar Araujo
78%
Deportivo Toluca 8,5 millions Maximiliano Araujo
78%
Sao Paulo FC 2 millions Michel Araujo
78%
FC Barcelone 70 millions Ronald Araujo
78%
Gremio 4 millions Luis Suarez
63%
Boca Juniors 2,5 millions Edinson Cavani
57%
Atletico Madrid 35 millions Jose Maria Gimenez
53%
Tottenham 40 millions Rodrigo Bentancur
53%
Galatasaray 1,5 millions Fernando Muslera
47%
Galatasaray 15 millions Lucas Torreira
35%
Los Angeles FC 4 millions Cristian Olivera
31%
Naples 18 millions Mathias Olivera
31%
CA Penarol 1,5 millions Maximiliano Olivera
31%
Real Madrid 4 millions Alvaro Rodriguez
29%
Club America 5 millions Brian Rodriguez
29%
Club America 4 millions Jonathan Rodriguez
29%
Vasco Da Gama 3 millions Jose Luis Rodriguez
29%
Liverpool FC Montevideo 3,5 millions Luciano Rodriguez
29%
Cadiz 4 millions Maxi Rodriguez
29%
Godoy Cruz 3,5 millions Salomon Rodriguez
29%
New York City FC 4 millions Santiago Rodriguez
29%
CA Penarol 1,5 millions Sebastian Rodriguez
29%
Al-Gharafa 6 millions Fabricio Diaz
27%
Manchester United 8 millions Facundo Pellistri
22%
Flamengo 17 millions Giorgian De Arrascaeta
22%
Pumas UNAM 2 millions Gabriel Fernandez
20%
Fluminense 7 millions Leonardo Fernandez
20%
Club America 3,5 millions Sebastian Caceres
20%
River Plate 11 millions Nicolas De La Cruz
18%
Girona FC 2 millions Cristhian Stuani
16%
Botafogo 2 millions Diego Hernandez
16%
Cagliari 5 millions Nahitan Nandez
16%
CA Penarol 2,3 millions Franco Gonzalez
14%
RCD Mallorca 2 millions Giovanni Gonzalez
14%
Sporting CP 5 millions Sebastian Coates
14%
Sassuolo 8 millions Agustin Alvarez
12%
Orlando City 14 millions Facundo Torres
12%
Getafe 5 millions Gaston Alvarez
12%
Lazio Rome 4,5 millions Matias Vecino
12%
Club Leon 3 millions Nicolas Lopez
12%
Wolves 8 millions Santiago Bueno
12%
SC Internacional 3,5 millions Sergio Rochet
12%
Athletico Paranaense 4 millions Agustin Canobbio
10%
Sassuolo 8 millions Matias Vina
10%
Dinamo Moscou 2,8 millions Diego Laxalt
8%
FC Midtjylland 4 millions Emiliano Martinez
8%
Palmeiras 10 millions Joaquin Piquerez
8%
Stade Brestois 7 millions Martin Satriano
8%
Seatlle Sounders 1,5 millions Nicolas Lodeiro
8%
Braga 4 millions Rodrigo Zalazar
8%
Junior FC 1,8 millions Santiago Mele
8%
Corinthians 5 millions Bruno Mendez
6%
Sporting CP 2,5 millions Franco Israel
6%
Dinamo Zagreb 3 millions Joaquin Sosa
6%
Orlando City 1,5 millions Mauricio Pereyra
6%
Getafe 6 millions Mauro Arambarri
6%
Estudiantes La Plata 2 millions Mauro Mendez
6%
Genoa 2,5 millions Alan Matturro
4%
Columbus Crew 7 millions Diego Rossi
4%
Gremio 5 millions Felipe Carballo
4%
Cagliari 1,5 millions Gaston Pereiro
4%
Puebla 1,8 millions Gaston Silva
4%
Flamengo 2 millions Guillermo Varela
4%
FK Krasnodar 2,5 millions Lucas Olaza
4%
River Plate 4 millions Sebastian Boselli
4%
Rayo Vallecano 3,5 millions Alfonso Espino
2%
Atlas Guadalajara 4,5 millions Brian Lozano
2%
Bahia 1,5 millions Camilo Candido
2%
SC Internacional 3,5 millions Carlos De Pena
2%
CF Pachuca 4 millions David Terans
2%
Puebla 2 millions Facundo Waller
2%
Tigres UANL 9 millions Fernando Gorriaran
2%
Espanyol Barcelone 2,5 millions Leandro Cabrera
2%
FC Juarez 3 millions Manuel Castro
2%
CA Penarol 7 millions Matias Arezo
2%
Atletico Mineiro 1,5 millions Mauricio Lemos
2%
Dinamo Moscou 3 millions Nicolas Marichal
2%
RB Bragantino 4 millions Thiago Borbas
2%
Club Necaxa 3 millions Agustin Oliveros
0%
Defensa y Justicia 3 millions Agustin Sant'Anna
0%
Los Angeles Galaxy 5 millions Diego Fagundez
0%
Queretaro FC 3 millions Emanuel Gularte
0%
CA San Lorenzo 1,5 millions Fabricio Formiliano
0%
Club Necaxa 2 millions Facundo Batista
0%
Oud-Heverlee Leuven 1,5 millions Federico Ricca
0%
Sao Paulo FC 2,5 millions Gabriel Neves
0%
Los Angeles Galaxy 2 millions Gaston Brugman
0%
Racing Club 2,5 millions Gaston Martirena
0%
FC Arouca 1,5 millions Ignacio De Arruabarrena
0%
Cruz Azul 2,5 millions Ignacio Rivero
0%
Atletico de San Luis 7 millions Juan Manuel Sanabria
0%
Boca Juniors 1,5 millions Marcelo Saracchi
0%
CA Huracan 5 millions Matias Coccaro
0%
FC Juarez 2,7 millions Michael Santos
0%
Boca Juniors 3 millions Miguel Merentiel
0%
Bahia 5 millions Nicolas Acevedo
0%
CF Monterrey 4,5 millions Rodrigo Aguirre
0%
Aucun quiz correspondant
Distribution des résultats
% des personnes avec chaque résultat
Percentile par nombre de réponses
Votre historique - résultats
Vous n’avez pas pris ce quiz